1906 1381 1839 1438 1022 1193 1537 1032 1932 1918 1601 1267 1326 1963 1351 1534 1848 1884 1462 1699 1254 1587 1860 1247 1872 1568 1306 1555 1256 1872 1360 1865 1321 1895 1070 1266 1486 1116 1474 1136 1529 1818 1538 1468 1891 1403 1746 1459 1016 1850 1948 1411 1970 1780 1891 1789 1620 1254 1979 1954 1061 1119 1624 1874 1932 1727 1840 1312 1665 1253 1007 1976 1647 1787 1953 1495 1096 1822 1193 1360 1419 1003 1224 1068 1408 1446 1362 1043 1652 1636 1570 1619 1746 1386 1136 1063 1834 1815 1383 BCNSPRNW ULIB Ver.6.0+V

เปลี่ยนเป็นภาษาไทย

Change to English
 แสดงรายละเอียดบรรณานุกรม
  กลับหน้าหลัก

Brief Record : Get Marc (ISO 2709) : E-mail record : QR code < ปิดหน้าต่าง
LEADER : 00000nam 2200000uu 4500
001    13399110352
003     ULIB
008    110429s2544||||th 000 0 tha d
020    9745855227
060 04 WM420^bส265จ 2544
100 0  สมพร บุษราทิจ
245 10 จิตบำบัดแบบอิงทฤษฎีจิตวิเคราะห์ /^cสมพร บุษราทิจ, ศุภโชคสิงหกันต์, สนทรรศ บุษราทิจ
250    พิมพ์ครั้งที่ 2
260    กรุงเทพฯ :^bโรงพิมพ์เรือนแก้วการพิมพ์,^c2544
300    167 หน้า ;^c19 ซม.
504    บรรณานุกรมและดรรชนี
650  7 จิตบำบัด
653    ผลงานอาจารย์คณะแพทยศาสตร์ศิริราชพยาบาล
700 0  ศุภโชค สิงหกันต์
700 0  สนทรรศ บุษราทิจ
945    ^p100^l0^i018811
995    ทศพร
999 ^a ใช้งานได้ทุกระบบ
รายการนี้ยังไม่มีแท็ก
คุณยังไม่ได้ล็อกอิน คุณสามารถมีกิจกรรมร่วมกับเว็บไซต์ได้ แต่ต้องล็อกอินก่อน ::
  ล็อกอิน

รายการสื่อสารสนเทศ

ลำดับที่ ประเภท เลขเรียก/บาร์โค้ด สถานที่ สถานะ
- ไม่พบข้อมูล -

รายการใกล้เคียง
    หัวเรื่อง [จิตบำบัด]

BibComment


ยังไม่เคยถูกคอมเมนท์

คอมเมนท์ทรัพยากรรายการนี้
  คอมเมนท์: จิตบำบัดแบบอิงทฤษ..


 Copyright 2026. Bcnsprnw @Library